000 00492nam a2200169Ia 4500
999 _c11679
_d11679
003 OSt
005 20230916142609.0
008 190216s9999||||xx |||||||||||||| ||und||
040 _coclc
082 _a822.912
_bSHA/T
100 1 _aShaw, Bernard,
_d1856-1950.
_tArms and the man
_94899
245 0 _aThe Apple Cart /
_cBernard Shaw
260 _bLongman,
_c1950.
_aNew Delhi:
300 _a159p
650 _aSpeeches
942 _cBK
_2ddc
_h822.912
_iSHA/T
_k822.912
_mSHA/T